000 00673nam a22002177a 4500
999 _c8449
_d8449
001 8449
003 BD-JhCC
005 20180224192508.0
008 180224s1979 bg |||| |||| 00| 0 ben d
035 _a(BD-JhCC) 8449
040 _aBD-JhCC
_dBD-JhCC
041 _aben
082 _bHAS 1979
_a709
100 _aহাসান, সৈয়দ মাহমুদূল
245 _aমুসলিম চিত্রকলা /
_c সৈয়দ মাহমুদূল হাসান
260 _aঢাকা :
_bবাংলা একাডেমী,
_cHAS 1979
300 _a564 p;
_c22 cm
650 _aMuslim Painting
942 _2ddc
_cBK